<?xml version="1.0" encoding="UTF-8"?>
<record
    xmlns:xsi="http://www.w3.org/2001/XMLSchema-instance"
    xsi:schemaLocation="http://www.loc.gov/MARC21/slim http://www.loc.gov/standards/marcxml/schema/MARC21slim.xsd"
    xmlns="http://www.loc.gov/MARC21/slim">

  <leader>02331nam a22002417a 4500</leader>
  <controlfield tag="005">20221027150018.0</controlfield>
  <controlfield tag="008">221027b        |||||||| |||| 00| 0 eng d</controlfield>
  <datafield tag="020" ind1=" " ind2=" ">
    <subfield code="a">8472070743</subfield>
  </datafield>
  <datafield tag="041" ind1=" " ind2=" ">
    <subfield code="a">spa</subfield>
  </datafield>
  <datafield tag="082" ind1=" " ind2=" ">
    <subfield code="2">21a ed.</subfield>
    <subfield code="a">551.7</subfield>
    <subfield code="b">V47</subfield>
  </datafield>
  <datafield tag="100" ind1=" " ind2=" ">
    <subfield code="9">23046</subfield>
    <subfield code="a">Vera Torres, Juan Antonio </subfield>
    <subfield code="e">autor</subfield>
  </datafield>
  <datafield tag="245" ind1=" " ind2=" ">
    <subfield code="a">Estratigraf&#xED;a: </subfield>
    <subfield code="b">principios y m&#xE9;todos / </subfield>
    <subfield code="c">Juan Antonio Vera Torres</subfield>
  </datafield>
  <datafield tag="260" ind1=" " ind2=" ">
    <subfield code="a">Madrid : </subfield>
    <subfield code="b">Editorial Rueda, </subfield>
    <subfield code="c">1994</subfield>
  </datafield>
  <datafield tag="300" ind1=" " ind2=" ">
    <subfield code="a">XVI pp., 806 p. : </subfield>
    <subfield code="b">fig., maps., il. ; </subfield>
    <subfield code="c">24 cm. </subfield>
  </datafield>
  <datafield tag="500" ind1=" " ind2=" ">
    <subfield code="a">Incluye ep&#xED;logo, glosario, &#xED;ndice anal&#xED;tico, clave de abreviaturas utilizadas en el texto (incluidas unidades de medida). </subfield>
  </datafield>
  <datafield tag="504" ind1=" " ind2=" ">
    <subfield code="a">Bibliograf&#xED;a: p. 755-768 </subfield>
  </datafield>
  <datafield tag="505" ind1=" " ind2=" ">
    <subfield code="a">1. Concepto e historia de la Estratigraf&#xED;a -- 2. Estrato y estratificaci&#xF3;n -- 3. Las rocas estratificadas en el contexto del ciclo geol&#xF3;gico -- 4. El tiempo en Geolog&#xED;a -- 5. M&#xE9;todos de estudio de las rocas estratificadas -- 6. Facies -- 7. Asociaciones de facies -- 8. Unidades litoestratigr&#xE1;ficas -- 9. Criterios de polaridad vertical y horizontal -- 10. Continuidad y discontinuidad: Tipos y g&#xE9;nesis de discontinuidades -- 11. Secciones estratigr&#xE1;ficas -- 12. Bioestratigraf&#xED;a -- 13. Magnetoestratigraf&#xED;a -- 14. Quimioestratigraf&#xED;a -- 15. Los eventos en el registro estratigr&#xE1;fico -- 16. La ciclicidad en el regfistro estratigr&#xE1;fico -- 17. Correlaciones estratigr&#xE1;ficas -- 18. Mapas estratigr&#xE1;ficos -- 19. Nomenclatura estratigr&#xE1;fica -- 20. Cambios relativos del nivel del mar. Secciones transgresivas y regresivas -- 21. La Estratigraf&#xED;a s&#xED;smica y secuencial -- 22. An&#xE1;lisis de cuencas. </subfield>
  </datafield>
  <datafield tag="520" ind1=" " ind2=" ">
    <subfield code="a">En este apartado, &#xFA;ltimo del libro, se van a hacer unas reflexiones sobre algunos aspectos globalesde la Estratigraf&#xED;a, incluidas las opiniones personales del autor sobre el posible desarrollo futuro de esta ciencia. En el pr&#xF3;logo se justifica el contenido de este libro y la exclusi&#xF3;n del mismo de los aspectos aplicados por considerar que hay libros y monograf&#xED;as que los abordan ampliamente, pero ya se insist&#xED;a all&#xED; en la idea de que se trata de una ciencia con una doble faceta (b&#xE1;sica y ampliada) como tambi&#xE9;n ocurre con algunas otras ciencias geol&#xF3;gicas.  </subfield>
  </datafield>
  <datafield tag="650" ind1=" " ind2="0">
    <subfield code="9">23069</subfield>
    <subfield code="a">ESTRATIGRAF&#xCD;A </subfield>
  </datafield>
  <datafield tag="650" ind1=" " ind2="0">
    <subfield code="9">23070</subfield>
    <subfield code="a">GEOLOG&#xCD;A ESTRATIGR&#xC1;FICA </subfield>
  </datafield>
  <datafield tag="942" ind1=" " ind2=" ">
    <subfield code="c">LIBRO</subfield>
    <subfield code="e">2022-10-27</subfield>
    <subfield code="z">JATL </subfield>
  </datafield>
  <datafield tag="999" ind1=" " ind2=" ">
    <subfield code="c">30323</subfield>
    <subfield code="d">30323</subfield>
  </datafield>
  <datafield tag="952" ind1=" " ind2=" ">
    <subfield code="2">ddc</subfield>
    <subfield code="a">BEIMGM</subfield>
    <subfield code="b">BEIMGM</subfield>
    <subfield code="d">2022-10-27</subfield>
    <subfield code="i">1701</subfield>
    <subfield code="o">551.7 V47</subfield>
    <subfield code="p">FIMGM1701</subfield>
    <subfield code="y">LIBRO</subfield>
    <subfield code="r">2022-10-27 00:00:00</subfield>
    <subfield code="l">0</subfield>
    <subfield code="1">0</subfield>
  </datafield>
</record>
